O seu a seu poema: 1959-2002 (Registo nº 201417)

Detalhes MARC
000 -Etiqueta do registo
Valores 00631nam 22002053 4500
010 ## - Número ISBN
ISBN 972-27-1512-7
021 ## - Número do Depósito Legal
Código do país Portugal
Número 246329/06
100 ## - Dados gerais de processamento
Dados gerais 20260319d u||y0pory50 ba
200 ## - Titulo e menção de responsabilidade
Título próprio O seu a seu poema: 1959-2002
Primeira menção de responsabilidade José Valle de Figueiredo
210 ## - Publicação
Local de publicação Lisboa
Nome do editor Imprensa Nacional-Casa da Moeda
Data de publicação 2006
215 ## - Descrição física 
Paginação / Volumes 340 p.
Outras indicações físicas brochado
Dimensões 24 cm
225 ## - Colecção 
Título próprio da colecção Biblioteca de autores portugueses
606 ## - Nome comum usado como assunto
ID Autoridade 3661
Palavra de ordem Crítica Literária.Estudos Literários
675 ## - CDU
Notação 82.09
Edição PT
Língua por
700 ## - Autor principal (pessoa individual)
ID Autoridade 16925
Apelido Figueiredo
Nome José Valle de
Datas 1942-
801 ## - Fonte de origem
País PT
Agência BMMN
Regras de catalogação RPC
830 ## - Notas gerais do catalogador
Criado por Vanda
990 ## - Elementos KOHA
Tipo de documento Livro
Exemplares
Situação do levantamento Biblioteca de origem Código de barras Cota Permissão de empréstimo Tipo de documento Forma de aquisição
  Biblioteca Municipal de Montemor-o-Novo 30740 82.09 FIG|DEP   Livro Compra

Powered by Koha